[Event "OHD 2019"]
[Site "?"]
[Date "2019.02.25"]
[Round "5.7"]
[White "Kowalczyk, Frank"]
[Black "Sehrbrock, Christoph"]
[Result "1-0"]
[WhiteElo "1748"]
[BlackElo "1970"]
[PlyCount "67"]
[EventDate "2019.??.??"]
[WhiteTeam "SK Sodingen/Castrop 24/23 e.V."]
[BlackTeam "SV Waltrop 1922 e.V."]

1. e4 e6 2. d4 d5 3. e5 c5 4. c3 Nc6 5. Nf3 Qb6 6. Bd3 Bd7 7. Bc2 cxd4 8. cxd4
Nb4 9. O-O Nxc2 10. Qxc2 Ne7 11. Nc3 Nc6 12. Rd1 Rc8 13. b3 Be7 14. Bb2 O-O 15.
Qe2 f6 16. Na4 Qd8 17. exf6 Rxf6 18. Nc3 Bd6 19. Rac1 Bf4 20. Ra1 Bb8 21. Rac1
Rh6 22. Qe3 Qf6 23. Ne2 Qe7 24. Ne5 Qd6 25. f4 Rf6 26. Nc3 Rff8 27. Nb5 Qe7 28.
Ba3 Nb4 29. Bxb4 Qxb4 30. Nxd7 Bxf4 31. Qxe6+ Kh8 32. Rxc8 Rxc8 33. Ne5 Be3+
34. Kh1 1-0

[Event "OHS 2019"]
[Site "?"]
[Date "2019.02.25"]
[Round "5.8"]
[White "Wiechen, Ulrich"]
[Black "Bialas, Jan-Philip"]
[Result "1-0"]
[WhiteElo "2156"]
[BlackElo "1518"]
[PlyCount "49"]
[EventDate "2019.??.??"]
[WhiteTeam "SC Buer-Hassel 1919 e.V."]
[BlackTeam "SV Datteln 1924"]

1. e4 e5 2. Nf3 Nc6 3. Bc4 Bc5 4. O-O d6 5. c3 Bg4 6. d4 exd4 7. Qb3 Bxf3 8.
Bxf7+ Kf8 9. gxf3 Ne5 10. Bxg8 Nxf3+ 11. Kg2 Nh4+ 12. Kh1 Rxg8 13. cxd4 Bxd4
14. Qg3 g5 15. Nc3 g4 16. Bh6+ Ke8 17. f4 Bxc3 18. bxc3 Qe7 19. Rae1 Qe6 20.
Qxh4 Rg6 21. Qh5 Kd7 22. f5 Qe5 23. Bf4 Qc5 24. Qxh7+ Kc6 25. Qxg6 1-0

[Event "OHS 2019"]
[Site "?"]
[Date "2019.02.25"]
[Round "5.9"]
[White "Melmer, Felix"]
[Black "Kleinert, Andreas"]
[Result "0-1"]
[WhiteElo "2031"]
[BlackElo "1845"]
[PlyCount "24"]
[EventDate "2019.??.??"]
[WhiteTeam "SC Gerthe 46 - Werne"]
[BlackTeam "SF Gelsenkirchen 2002"]

1. c4 e5 2. Nc3 Nf6 3. g3 c6 4. Bg2 d5 5. cxd5 cxd5 6. d4 e4 7. Bg5 Nbd7 8. e3
Bd6 9. Nge2 h6 10. Bxf6 Nxf6 11. Qb3 O-O 12. Nxd5 Nxd5 0-1

[Event "OHS 2019"]
[Site "?"]
[Date "2019.02.25"]
[Round "5.10"]
[White "Steinke, Hans-JÃ¶rg"]
[Black "Funke, Eckhard"]
[Result "0-1"]
[WhiteElo "1784"]
[BlackElo "1867"]
[PlyCount "60"]
[EventDate "2019.??.??"]
[WhiteTeam "SV Datteln 1924"]
[BlackTeam "SV GÃ¼nnigfeld 1922 e.V"]

1. d4 d5 2. c4 e6 3. Nc3 Nf6 4. Bg5 Be7 5. e3 O-O 6. Nf3 Nbd7 7. Rc1 c6 8. Bd3
Re8 9. O-O Nf8 10. cxd5 exd5 11. h3 Ne4 12. Bxe7 Qxe7 13. Re1 Bf5 14. Qe2 Ng6
15. a3 Qf6 16. Bb1 Nxc3 17. Rxc3 Nf4 18. Qf1 Nxh3+ 19. gxh3 Bxb1 20. Rxb1 Qxf3
21. Qg2 Qf5 22. Rbc1 Re6 23. Kh2 Rg6 24. Qf1 Re8 25. Re1 Qf3 26. Rb3 b6 27. Rc3
Ree6 28. b4 h6 29. a4 Rg5 30. Rec1 Reg6 0-1

[Event "OHS 2019"]
[Site "?"]
[Date "2019.02.25"]
[Round "5.11"]
[White "Sikorski, Thomas"]
[Black "Ponto, Michael"]
[Result "1/2-1/2"]
[WhiteElo "1806"]
[BlackElo "1742"]
[PlyCount "97"]
[EventDate "2019.??.??"]
[WhiteTeam "SF Essen-Katernberg 0"]
[BlackTeam "SV Horst-Emscher 31"]

1. c4 c5 2. Nf3 Nc6 3. d4 cxd4 4. Nxd4 Nf6 5. Nc3 e5 6. Ndb5 d6 7. Bg5 a6 8.
Bxf6 gxf6 9. Na3 Qb6 10. Rb1 Bf5 11. e4 Bg6 12. Bd3 Ne7 13. O-O Bg7 14. Nd5
Nxd5 15. cxd5 Rd8 16. Qa4+ Ke7 17. Rfc1 Rc8 18. Rc3 Qd4 19. Qc2 Rxc3 20. bxc3
Qa7 21. c4 Rc8 22. Qb3 Rc7 23. Qb6 Qxb6 24. Rxb6 Kd7 25. h4 Bh5 26. f3 Bh6 27.
Kf2 Bc1 28. Nc2 h6 29. Ke2 Bf4 30. Kf2 Bd2 31. g3 Ba5 32. Rb3 Kc8 33. Ne3 Bd2
34. Nf5 Rd7 35. Ke2 Ba5 36. Nxh6 Bg6 37. Ke3 Be1 38. Ng4 Bxg3 39. Nxf6 Bf4+ 40.
Kf2 Rd8 41. h5 Bg5 42. hxg6 Bxf6 43. gxf7 Rf8 44. Bf1 Rxf7 45. Bh3+ Kc7 46. Kg3
Rg7+ 47. Bg4 Bg5 48. Rb1 Bf4+ 49. Kg2 1/2-1/2

[Event "OHS 2019"]
[Site "?"]
[Date "2019.02.25"]
[Round "5.12"]
[White "Dreckmann, GÃ¼nter"]
[Black "Rath, Michael"]
[Result "1/2-1/2"]
[WhiteElo "1605"]
[BlackElo "1797"]
[PlyCount "22"]
[EventDate "2019.??.??"]
[WhiteTeam "SV KÃ¶nigsspringer Halt"]
[BlackTeam "SV KÃ¶nigsspringer Halt"]

1. e4 e5 2. Nf3 Nc6 3. Bb5 a6 4. Ba4 Nf6 5. O-O Be7 6. Re1 b5 7. Bb3 O-O 8. Nc3
d6 9. h3 Re8 10. Ng5 Rf8 11. Nf3 Re8 1/2-1/2

[Event "OHS 2019"]
[Site "?"]
[Date "2019.02.25"]
[Round "5.13"]
[White "Ritter, Wolfgang"]
[Black "Neumann, Alfred"]
[Result "1-0"]
[WhiteElo "1558"]
[BlackElo "1725"]
[PlyCount "118"]
[EventDate "2019.??.??"]
[WhiteTeam "SG Drewer 54 e.V"]
[BlackTeam "SV Datteln 1924"]

1. e4 d6 2. d4 g6 3. c3 Bg7 4. Nf3 Nd7 5. Bc4 Ngf6 6. Qc2 O-O 7. O-O e6 8. Bg5
h6 9. Bxf6 Qxf6 10. Nbd2 a6 11. Rad1 b5 12. Bd3 Bb7 13. Rfe1 Qf4 14. Re3 Rac8
15. Ne1 c5 16. Rf3 Qg4 17. Rg3 Qh4 18. Ndf3 Qe7 19. Qb1 Nf6 20. e5 Nh5 21. Rg4
cxd4 22. cxd4 g5 23. h4 f6 24. hxg5 fxg5 25. exd6 Qxd6 26. Be4 Bd5 27. Bxd5
exd5 28. Nd3 Rf5 29. Nde5 Qe6 30. Re1 Nf6 31. Ng6 Ne4 32. Nge5 h5 33. Rgxe4
dxe4 34. Rxe4 Rcf8 35. g4 Rf4 36. Nxg5 Qd5 37. Rxf4 Rxf4 38. Qh7+ Kf8 39. Ng6+
Ke8 40. Nxf4 Qxg5 41. Qxh5+ Qxh5 42. Nxh5 Bxd4 43. b3 Kf7 44. Kg2 Kg6 45. Kf3
Kg5 46. Ng3 b4 47. Ne4+ Kg6 48. Kg3 Bc3 49. f4 Bd4 50. f5+ Kg7 51. g5 Be5+ 52.
Kg4 Bc3 53. Kh5 Bd4 54. f6+ Kh7 55. g6+ Kg8 56. Kg5 Bb2 57. Kf5 Bd4 58. Ng5 Bc5
59. f7+ Kh8 1-0

[Event "OHS 2019"]
[Site "?"]
[Date "2019.02.25"]
[Round "5.14"]
[White "Eibl, RÃ¼diger"]
[Black "MÃ¼ller-Kreth, Kai"]
[Result "0-1"]
[WhiteElo "1662"]
[BlackElo "1775"]
[PlyCount "78"]
[EventDate "2019.??.??"]
[WhiteTeam "SC Buer-Hassel 1919 e.V."]
[BlackTeam "SK Sodingen/Castrop 24/23 e.V."]

1. d4 d5 2. Bf4 Nf6 3. e3 Bf5 4. c3 e6 5. Qb3 Qc8 6. Nd2 Be7 7. h3 O-O 8. Ngf3
h6 9. Ne5 c5 10. Be2 Nc6 11. O-O Nxe5 12. Bxe5 Nd7 13. Bh2 c4 14. Qd1 b5 15. b4
cxb3 16. Nxb3 Qb7 17. Bd3 Bxd3 18. Qxd3 Rfc8 19. Rfc1 a6 20. Nd2 Nb6 21. f3 Rc6
22. Rab1 Rac8 23. Rb3 Qd7 24. Rf1 Na4 25. Nb1 Rc4 26. f4 f5 27. Bg3 Qc7 28. Be1
g6 29. h4 Qd8 30. g3 Nb6 31. Rf2 Nd7 32. Rh2 Nf6 33. Rg2 Kf7 34. Nd2 Qc7 35.
Nf3 Bd6 36. Ne5+ Bxe5 37. fxe5 Ne4 38. g4 Nxc3 39. gxf5 gxf5 0-1

[Event "OHS 2019"]
[Site "?"]
[Date "2019.02.25"]
[Round "5.15"]
[White "Ewers, Christian"]
[Black "Bacaksiz, Bilal"]
[Result "1-0"]
[WhiteElo "1732"]
[BlackElo "1638"]
[PlyCount "83"]
[EventDate "2019.??.??"]
[WhiteTeam "SG Mengede 1922"]
[BlackTeam "SF Springer Bochum 19"]

1. c4 c6 2. d4 d5 3. e3 Nf6 4. h3 Bf5 5. Nc3 e6 6. a3 Nbd7 7. Nf3 Bd6 8. Bd3
Ne4 9. Qc2 Nxc3 10. bxc3 Bg6 11. Bxg6 hxg6 12. c5 Bc7 13. e4 dxe4 14. Qxe4 Nf6
15. Qe2 Nd5 16. Bd2 Nf4 17. Bxf4 Bxf4 18. O-O Qa5 19. Rab1 Rb8 20. Rb3 b5 21.
cxb6 Rxb6 22. Rxb6 Qxb6 23. Qe4 Qc7 24. Re1 Rh5 25. c4 Kf8 26. Ne5 Bxe5 27.
dxe5 Qa5 28. f4 Qb6+ 29. Kh1 Ke7 30. Rb1 Qc7 31. Rd1 Rh8 32. Rd6 Rc8 33. c5 Qb7
34. Kh2 Qc7 35. Kg3 Qb7 36. Kg4 Qa6 37. Kg5 Qb5 38. Qd4 Qe2 39. Rd7+ Ke8 40. g4
Qa6 41. Qd6 f6+ 42. Kxg6 1-0

[Event "OHS 2019"]
[Site "?"]
[Date "2019.02.25"]
[Round "5.16"]
[White "Gausmann, Thomas"]
[Black "Bock, Oswin"]
[Result "1-0"]
[WhiteElo "1563"]
[BlackElo "1368"]
[PlyCount "35"]
[EventDate "2019.??.??"]
[WhiteTeam "SG Bochum 1931"]
[BlackTeam "SG HÃ¶ntrop 1947"]

1. e4 c6 2. d4 d5 3. Nc3 e6 4. Nf3 Nd7 5. Bd3 Bb4 6. O-O Ne7 7. e5 h6 8. Ne2 a6
9. c3 Ba5 10. Ng3 c5 11. Bc2 b5 12. a3 c4 13. Qe2 Nf8 14. Nh5 Rg8 15. Bxh6 Nf5
16. Bxf5 exf5 17. Bxg7 Nd7 18. e6 1-0

[Event "OHS 2019"]
[Site "?"]
[Date "2019.02.25"]
[Round "5.17"]
[White "Heinz, Hans-Werner"]
[Black "Buchhop, Rainer"]
[Result "0-1"]
[WhiteElo "1349"]
[BlackElo "1491"]
[PlyCount "75"]
[EventDate "2019.??.??"]
[WhiteTeam "SC Recklinghausen Altsta"]
[BlackTeam "SV Unser Fritz Wanne-E"]

1. e4 c5 2. Nf3 Nc6 3. c3 e6 4. Be2 d5 5. e5 d4 6. d3 Nge7 7. Bg5 Qc7 8. Bf4
Ng6 9. Bg3 Be7 10. O-O O-O 11. Re1 Ngxe5 12. a3 Nxf3+ 13. Bxf3 Qb6 14. b3 Bf6
15. c4 Bd7 16. Nd2 g6 17. Ne4 Bg7 18. Rb1 Ne5 19. Bh4 f5 20. Nd2 h6 21. h3 g5
22. Bg3 f4 23. Bh2 Nxd3 24. Re2 Ne5 25. Re1 Rad8 26. g3 Nxf3+ 27. Nxf3 e5 28.
h4 Bg4 29. Qd3 Bf5 30. Qd1 Bxb1 31. Qxb1 fxg3 32. Bxg3 Rxf3 33. Qe4 Qc6 34.
Qxc6 bxc6 35. hxg5 e4 36. Rxe4 hxg5 37. Kg2 Rxb3 38. Be5 0-1

[Event "OHS 2019"]
[Site "?"]
[Date "2019.02.25"]
[Round "5.18"]
[White "Tolksdorf, JÃ¼rgen"]
[Black "Schmidt, Rolf-GÃ¼nther"]
[Result "1-0"]
[WhiteElo "1582"]
[BlackElo "1208"]
[PlyCount "61"]
[EventDate "2019.??.??"]
[WhiteTeam "SG HÃ¶ntrop 1947"]
[BlackTeam "RecklinghÃ¤user Schachgemeinschaf"]

1. e4 d5 2. exd5 Nf6 3. c4 e6 4. dxe6 Bxe6 5. d3 Bb4+ 6. Bd2 Bxd2+ 7. Qxd2 O-O
8. Be2 Nc6 9. Nf3 a5 10. Nc3 Re8 11. O-O-O Qe7 12. h3 Nb4 13. a3 Na6 14. Nd4 c5
15. Ndb5 Nc7 16. g4 Nxb5 17. Nxb5 Red8 18. Bf3 Bxc4 19. Rhe1 Be6 20. g5 Nd5 21.
Bg4 Qd7 22. a4 Bxg4 23. hxg4 Nb4 24. Re3 c4 25. dxc4 Qxd2+ 26. Rxd2 Rxd2 27.
Kxd2 Rd8+ 28. Kc3 g6 29. f4 Rd1 30. f5 Rg1 31. Re8+ 1-0

[Event "OHS 2019"]
[Site "?"]
[Date "2019.02.25"]
[Round "5.20"]
[White "BÃ¶cher, Joachim"]
[Black "KÃ¼mmel, Hans-JÃ¼rgen"]
[Result "1-0"]
[WhiteElo "1506"]
[BlackElo "1579"]
[PlyCount "99"]
[EventDate "2019.??.??"]
[WhiteTeam "SG HÃ¶ntrop 1947"]
[BlackTeam "SV GÃ¼nnigfeld 1922 e.V"]

1. c4 e5 2. Nc3 Nf6 3. g3 Nc6 4. Bg2 d6 5. d3 Be6 6. Bg5 Be7 7. Nf3 O-O 8. O-O
a6 9. a3 Qc8 10. b4 Rb8 11. Qc2 Nd4 12. Qd1 Nxf3+ 13. Bxf3 c6 14. Rc1 Qd8 15.
Bg2 Ne8 16. Bxe7 Qxe7 17. Qd2 f5 18. Rb1 Nf6 19. a4 Rbd8 20. b5 axb5 21. axb5
cxb5 22. Rxb5 Rd7 23. Qb2 e4 24. Rb1 exd3 25. exd3 Qf7 26. Rxb7 Rxb7 27. Qxb7
Qxb7 28. Rxb7 Rc8 29. Rb5 Kf7 30. Nd5 Ne8 31. Rb7+ Kf8 32. Nb6 Rc7 33. Rb8 Ke7
34. Nd5+ Bxd5 35. Bxd5 Nf6 36. Bg2 Ne8 37. Kf1 Nf6 38. Ke2 Ne8 39. Ke3 Nf6 40.
Kd4 h6 41. Bf3 Ra7 42. Ke3 Ke6 43. Rb6 Nd7 44. Bd5+ Ke7 45. Rb2 Nc5 46. Rd2 Nb3
47. Rd1 Nc5 48. Kf4 Kf6 49. Ke3 Ra3 50. f4 1-0

[Event "OHS 2019"]
[Site "?"]
[Date "2019.03.11"]
[Round "6.1"]
[White "Quast, Marcel"]
[Black "Kowalczyk, Frank"]
[Result "1-0"]
[WhiteElo "2222"]
[BlackElo "1748"]
[PlyCount "116"]
[EventDate "2019.??.??"]
[WhiteTeam "SC Gerthe 46 - Werne"]
[BlackTeam "SK Sodingen/Castrop 24/23 e.V."]

1. e4 e5 2. Nf3 Nc6 3. Bc4 Bc5 4. c3 Nf6 5. d3 O-O 6. Bb3 h6 7. Nbd2 d6 8. a4
a5 9. Bc2 Ng4 10. O-O f5 11. Qe2 f4 12. Kh1 g5 13. d4 Ba7 14. dxe5 Ngxe5 15.
Nxe5 Nxe5 16. Nc4 f3 17. gxf3 Nxf3 18. Ne3 g4 19. Nf5 Bxf5 20. exf5 Nxh2 21.
Qe6+ Rf7 22. Bb3 Qh4 23. Qxh6 Qxh6 24. Bxh6 Nxf1 25. Rxf1 Kh7 26. Bxf7 Kxh6 27.
Kg2 Kg5 28. Bg6 Rh8 29. f4+ gxf3+ 30. Rxf3 Bb6 31. Bf7 Rf8 32. Be6 Kf6 33. Rh3
Ke5 34. Kf3 Bg1 35. Rh7 Bb6 36. Kg4 Rf6 37. Rh1 d5 38. Re1+ Kd6 39. Kg5 Rf8 40.
Kg6 c6 41. Bf7 Rh8 42. Re6+ Kd7 43. Re2 Bd8 44. Kg7 Rh4 45. Be8+ Kc7 46. f6
Bxf6+ 47. Kxf6 Rxa4 48. Ke5 Rg4 49. Bf7 Rh4 50. Bg6 Rh6 51. Bf5 b5 52. Rg2 Kb6
53. Rg6 Rh2 54. Bd7 Rxb2 55. Rxc6+ Kb7 56. Kxd5 a4 57. Bc8+ Kb8 58. Be6 a3 1-0

[Event "OHS 2019"]
[Site "?"]
[Date "2019.03.11"]
[Round "6.2"]
[White "Czarnik, Jozef"]
[Black "Ribbeheger, Edgar"]
[Result "1/2-1/2"]
[WhiteElo "1893"]
[BlackElo "2054"]
[PlyCount "25"]
[EventDate "2019.??.??"]
[WhiteTeam "SV Königsspringer Halt"]
[BlackTeam "SK Sodingen/Castrop 24/23 e.V."]

1. e4 e6 2. d4 b6 3. Bd3 Bb7 4. Nc3 c5 5. Nf3 cxd4 6. Nxd4 Be7 7. O-O d6 8. f4
Nd7 9. Qg4 Ngf6 10. Qxg7 Rg8 11. Qh6 Bf8 12. Qh3 a6 13. a4 1/2-1/2

[Event "OHS 2019"]
[Site "?"]
[Date "2019.03.11"]
[Round "6.3"]
[White "Schmidt, Ralph"]
[Black "Kiese, Matthias"]
[Result "1/2-1/2"]
[WhiteElo "1971"]
[BlackElo "2220"]
[PlyCount "62"]
[EventDate "2019.??.??"]
[WhiteTeam "SV Bochum-Linden-Dahlh"]
[BlackTeam "Bochumer SV 02"]

1. e4 c5 2. Nc3 d6 3. d3 Nc6 4. Be3 g6 5. d4 cxd4 6. Bxd4 Nxd4 7. Qxd4 Nf6 8.
e5 dxe5 9. Bb5+ Bd7 10. Qxe5 Bc6 11. Rd1 Qb6 12. Nd5 Nxd5 13. Bxc6+ Qxc6 14.
Qxd5 Qxd5 15. Rxd5 e6 16. Rd3 Bg7 17. c3 Ke7 18. Nf3 e5 19. O-O e4 20. Re1 f5
21. Nd4 Be5 22. Rde3 Rhd8 23. f3 Rxd4 24. cxd4 Bxd4 25. Kf1 Bxe3 26. Rxe3 Rc8
27. fxe4 f4 28. Rb3 b6 29. Kf2 Rc2+ 30. Kf3 Ke6 31. Rb5 h6 1/2-1/2

[Event "OHS 2019"]
[Site "?"]
[Date "2019.03.11"]
[Round "6.4"]
[White "Hammerich, Simon"]
[Black "Boost, Jürgen"]
[Result "1/2-1/2"]
[WhiteElo "1994"]
[BlackElo "1942"]
[PlyCount "72"]
[EventDate "2019.??.??"]
[WhiteTeam "SF Gelsenkirchen 2002"]
[BlackTeam "SC Gerthe 46 - Werne"]

1. e4 e5 2. Nf3 Nc6 3. Bb5 Nf6 4. O-O Bc5 5. c3 O-O 6. d4 Bb6 7. Re1 d6 8. Bxc6
bxc6 9. h3 exd4 10. cxd4 h6 11. a4 a5 12. Nc3 Re8 13. Bf4 Be6 14. Qc2 Rb8 15.
Rad1 Ba7 16. d5 cxd5 17. exd5 Bd7 18. Rxe8+ Bxe8 19. Nd4 Rb4 20. Be3 Qb8 21.
Ndb5 Bxe3 22. fxe3 Qb6 23. Rd3 Ne4 24. Nxe4 Rxe4 25. Qxc7 Qxc7 26. Nxc7 Bxa4
27. Ra3 Bd1 28. Rxa5 Rxe3 29. b4 Rb3 30. Rb5 Kf8 31. Rb8+ Ke7 32. b5 Kd7 33. b6
Be2 34. Ne8 Bc4 35. Nxg7 Bxd5 36. Nf5 Rb1+ 1/2-1/2

[Event "OHS 2019"]
[Site "?"]
[Date "2019.03.11"]
[Round "6.5"]
[White "Engelmann, Chris"]
[Black "Wiechen, Ulrich"]
[Result "0-1"]
[WhiteElo "1788"]
[BlackElo "2156"]
[PlyCount "66"]
[EventDate "2019.??.??"]
[WhiteTeam "SV Unser Fritz Wanne-E"]
[BlackTeam "SC Buer-Hassel 1919 e.V."]

1. e4 e5 2. Nf3 Nc6 3. d4 exd4 4. Nxd4 Bc5 5. Be3 Qf6 6. Nb5 Bxe3 7. fxe3 Qe5
8. Qd5 Kd8 9. Qxf7 Nh6 10. Qf4 g5 11. Qf3 d6 12. h3 Be6 13. c3 Kd7 14. g4 Raf8
15. Qg2 Rf7 16. Bd3 Rhf8 17. Rf1 Rxf1+ 18. Bxf1 Na5 19. Nd2 Ng8 20. Bd3 c5 21.
Na3 a6 22. Nac4 Nxc4 23. Nxc4 Bxc4 24. Bxc4 Nf6 25. Qf3 Kc7 26. Qf5 Qg3+ 27.
Kd1 Nd7 28. Qxh7 Qg1+ 29. Kc2 Rf2+ 30. Kb3 Qxa1 31. Be6 Qxb2+ 32. Ka4 b5+ 33.
Ka5 Qa3# 0-1

[Event "OHS 2019"]
[Site "?"]
[Date "2019.03.11"]
[Round "6.6"]
[White "Arndt, Olaf"]
[Black "Kleinert, Andreas"]
[Result "1-0"]
[WhiteElo "1967"]
[BlackElo "1845"]
[PlyCount "33"]
[EventDate "2019.??.??"]
[WhiteTeam "SV Horst-Emscher 31"]
[BlackTeam "SF Gelsenkirchen 2002"]

1. e4 e5 2. Nf3 Nc6 3. d4 exd4 4. Bc4 Nf6 5. e5 Ng4 6. Bf4 Qe7 7. O-O Qc5 8.
Bxf7+ Kxf7 9. Ng5+ Kg8 10. Qxg4 h6 11. Ne4 Nxe5 12. Qh5 Qxc2 13. Qxe5 Qxb2 14.
Qd5+ Kh7 15. Qf7 Qb6 16. Be5 h5 17. Nf6+ 1-0

[Event "OHS 2019"]
[Site "?"]
[Date "2019.03.11"]
[Round "6.7"]
[White "Funke, Eckhard"]
[Black "Peters, Georg"]
[Result "1/2-1/2"]
[WhiteElo "1867"]
[BlackElo "1854"]
[PlyCount "79"]
[EventDate "2019.??.??"]
[WhiteTeam "SV Günnigfeld 1922 e.V"]
[BlackTeam "SK Xanten e.V."]

1. d4 Nf6 2. c4 e6 3. Nf3 d5 4. Nc3 dxc4 5. e3 a6 6. Bxc4 b5 7. Bd3 Bb7 8. O-O
Nbd7 9. a3 c5 10. dxc5 Nxc5 11. Bc2 Qc7 12. h3 Be7 13. Qe2 Nce4 14. Bd2 Nxd2
15. Nxd2 O-O 16. Nde4 Rac8 17. Rab1 Rfd8 18. Rfd1 h6 19. Rxd8+ Rxd8 20. Rd1 Kf8
21. Rxd8+ Qxd8 22. Qd3 Qxd3 23. Bxd3 Ke8 24. Kf1 Kd7 25. Ke2 Nxe4 26. Bxe4 Bxe4
27. Nxe4 f5 28. Nc3 Bf6 29. Kd3 Kc6 30. b3 h5 31. Nb1 Kd5 32. f3 g5 33. Nc3+
Bxc3 34. Kxc3 a5 35. Kd3 b4 36. axb4 axb4 37. e4+ Kc5 38. exf5 exf5 39. g3 Kd5
40. f4 1/2-1/2

[Event "OHS 2019"]
[Site "?"]
[Date "2019.03.11"]
[Round "6.8"]
[White "Löffelbein, Klaus"]
[Black "Gritzan, Ulrich"]
[Result "1-0"]
[WhiteElo "2002"]
[BlackElo "1793"]
[PlyCount "31"]
[EventDate "2019.??.??"]
[WhiteTeam "SC Gerthe 46 - Werne"]
[BlackTeam "SF Gelsenkirchen 2002"]

1. d4 d5 2. c4 dxc4 3. Nf3 Nf6 4. e3 c5 5. Bxc4 cxd4 6. exd4 Nc6 7. d5 Na5 8.
Bb5+ Bd7 9. Qa4 a6 10. Bxd7+ Nxd7 11. Bd2 b6 12. O-O Nb7 13. Re1 b5 14. Qf4 Nf6
15. Nc3 g6 16. Qxf6 1-0

[Event "OHS 2019"]
[Site "?"]
[Date "2019.03.11"]
[Round "6.9"]
[White "Sehrbrock, Christoph"]
[Black "Ritter, Wolfgang"]
[Result "1/2-1/2"]
[WhiteElo "1970"]
[BlackElo "1558"]
[PlyCount "44"]
[EventDate "2019.??.??"]
[WhiteTeam "SV Waltrop 1922 e.V."]
[BlackTeam "SG Drewer 54 e.V"]

1. Nf3 d5 2. c4 Nf6 3. cxd5 Nxd5 4. e4 Nb6 5. d4 e6 6. Nc3 Bb4 7. Bd3 O-O 8. e5
N8d7 9. Bxh7+ Kxh7 10. Ng5+ Kg6 11. Qd3+ f5 12. Nxe6 Qe7 13. Nxf8+ Qxf8 14. g4
Nxe5 15. dxe5 Be6 16. Rg1 Kh7 17. Bg5 Kg8 18. h3 fxg4 19. Rxg4 Bxg4 20. hxg4
Qc5 21. Qe3 Qd5 22. Rd1 Qe6 1/2-1/2

[Event "OHS 2019"]
[Site "?"]
[Date "2019.03.11"]
[Round "6.10"]
[White "Müller-Kreth, Kai"]
[Black "Ewers, Christian"]
[Result "1/2-1/2"]
[WhiteElo "1775"]
[BlackElo "1732"]
[PlyCount "57"]
[EventDate "2019.??.??"]
[WhiteTeam "SK Sodingen/Castrop 24/23 e.V."]
[BlackTeam "SG Mengede 1922"]

1. e4 c6 2. c4 d6 3. d4 Qc7 4. Nc3 e5 5. d5 c5 6. f4 exf4 7. Bxf4 a6 8. Nf3 Nd7
9. Be2 Ne7 10. O-O Ng6 11. Bg3 Be7 12. Qd2 O-O 13. Rad1 Bf6 14. a3 Nde5 15. h3
Nxf3+ 16. Bxf3 Bd4+ 17. Bf2 Be5 18. Ne2 f5 19. exf5 Bxf5 20. Bg3 Qd7 21. Bxe5
Nxe5 22. Qc3 b5 23. cxb5 Qxb5 24. Ng3 Bd3 25. Rf2 Nxf3+ 26. gxf3 c4 27. Qd4 Qe8
28. f4 Qf7 29. Kh2 1/2-1/2

[Event "OHS 2019"]
[Site "?"]
[Date "2019.03.11"]
[Round "6.11"]
[White "Schicktanz, Florian"]
[Black "Sikorski, Thomas"]
[Result "1-0"]
[WhiteElo "1767"]
[BlackElo "1806"]
[PlyCount "59"]
[EventDate "2019.??.??"]
[WhiteTeam "SV Erkenschwick 1923 e"]
[BlackTeam "SF Essen-Katernberg 0"]

1. c4 c6 2. Nc3 d6 3. d4 Nd7 4. g3 e5 5. d5 Ngf6 6. dxc6 bxc6 7. Bg2 Bb7 8. Nf3
Be7 9. O-O O-O 10. Nh4 g6 11. b4 Re8 12. b5 Qc7 13. a4 c5 14. e4 Nf8 15. a5 Ne6
16. a6 Bc8 17. Nd5 Nxd5 18. Qxd5 Rb8 19. Nf3 Nd4 20. Nxd4 cxd4 21. Bd2 Be6 22.
Qc6 Qxc6 23. bxc6 Rbc8 24. Rfb1 Rxc6 25. Rb7 Bxc4 26. Rxa7 Bd8 27. Ra8 Kf8 28.
Ra7 Rxa6 29. R7xa6 Bxa6 30. Rxa6 1-0

[Event "OHS 2019"]
[Site "?"]
[Date "2019.03.11"]
[Round "6.12"]
[White "Rath, Michael"]
[Black "Bialas, Jan-Philip"]
[Result "1-0"]
[WhiteElo "1797"]
[BlackElo "1518"]
[PlyCount "61"]
[EventDate "2019.??.??"]
[WhiteTeam "SV Königsspringer Halt"]
[BlackTeam "SV Datteln 1924"]

1. d4 d5 2. Nf3 Nf6 3. Bf4 g6 4. e3 Bg7 5. Nbd2 O-O 6. Be2 Bf5 7. O-O Nh5 8.
Be5 f6 9. Bg3 Nxg3 10. hxg3 Nd7 11. c4 c6 12. Qb3 Qb6 13. cxd5 Qxb3 14. Nxb3
cxd5 15. Rfc1 Rac8 16. Na5 b6 17. Nc6 Kf7 18. Nxa7 Rxc1+ 19. Rxc1 Ra8 20. Rc7
e5 21. Bb5 Ke8 22. Bc6 Rb8 23. Bxd5 Bf8 24. Nd2 Bd3 25. Bc6 Rd8 26. Ne4 Be7 27.
Nc8 Bxe4 28. Bxe4 f5 29. Bc6 Bf6 30. Nxb6 exd4 31. Nxd7 1-0

[Event "OHS 2019"]
[Site "?"]
[Date "2019.03.11"]
[Round "6.13"]
[White "Ponto, Michael"]
[Black "Dreckmann, Günter"]
[Result "1/2-1/2"]
[WhiteElo "1742"]
[BlackElo "1605"]
[PlyCount "66"]
[EventDate "2019.??.??"]
[WhiteTeam "SV Horst-Emscher 31"]
[BlackTeam "SV Königsspringer Halt"]

1. c4 Nf6 2. Nc3 g6 3. e4 d6 4. d4 Bg7 5. Nf3 O-O 6. Be2 Nbd7 7. O-O e5 8. dxe5
dxe5 9. Qc2 Re8 10. Bg5 c6 11. Rad1 Qc7 12. b4 a5 13. a3 Bf8 14. c5 Nh5 15. Nd2
Nf4 16. Bxf4 exf4 17. Nc4 axb4 18. axb4 b6 19. Nd6 Rd8 20. Na4 bxc5 21. bxc5
Nxc5 22. Nxc5 Bxd6 23. Bf3 Ba6 24. Rfe1 Bb5 25. Ra1 Be5 26. Rxa8 Rxa8 27. Nd3
Qa5 28. Rb1 Bxd3 29. Qxd3 Qc3 30. Qxc3 Bxc3 31. e5 Ra1 32. Rxa1 Bxa1 33. Bxc6
Bxe5 1/2-1/2

[Event "OHS 2019"]
[Site "?"]
[Date "2019.03.11"]
[Round "6.14"]
[White "Neumann, Alfred"]
[Black "Gausmann, Thomas"]
[Result "1-0"]
[WhiteElo "1725"]
[BlackElo "1563"]
[PlyCount "41"]
[EventDate "2019.??.??"]
[WhiteTeam "SV Datteln 1924"]
[BlackTeam "SG Bochum 1931"]

1. d4 d5 2. c4 e6 3. Nc3 Nf6 4. Nf3 Nbd7 5. Bf4 c6 6. e3 Be7 7. Bd3 O-O 8. O-O
Nh5 9. Qc2 f5 10. Ne2 Nxf4 11. Nxf4 Rf6 12. g4 dxc4 13. Bxc4 Nb6 14. g5 Rf8 15.
Nxe6 Bxe6 16. Bxe6+ Kh8 17. Ne5 Qe8 18. f4 Nd5 19. Rf3 g6 20. Rh3 Bd6 21. Bd7
1-0

[Event "OHS 2019"]
[Site "?"]
[Date "2019.03.11"]
[Round "6.15"]
[White "Tolksdorf, Jürgen"]
[Black "Melmer, Felix"]
[Result "0-1"]
[WhiteElo "1582"]
[BlackElo "2031"]
[PlyCount "60"]
[EventDate "2019.??.??"]
[WhiteTeam "SG Höntrop 1947"]
[BlackTeam "SC Gerthe 46 - Werne"]

1. e4 c5 2. Nf3 g6 3. c3 Nf6 4. e5 Nd5 5. Qb3 Nc7 6. d4 cxd4 7. cxd4 Bg7 8. Bc4
O-O 9. h4 d5 10. Be2 h5 11. Bf4 Nc6 12. Nc3 Na5 13. Qc2 Bf5 14. Bd3 Bxd3 15.
Qxd3 Ne6 16. Be3 Nc4 17. b3 Nxe3 18. fxe3 Qa5 19. Ke2 Rfc8 20. Rhc1 Rc6 21. Qb5
Qa3 22. Rc2 Rac8 23. Kd3 Bh6 24. Rac1 b6 25. Nb1 Qxc1 26. Rxc1 Rxc1 27. Nfd2
Re1 28. Nc4 dxc4+ 29. bxc4 Rxe3+ 30. Kc2 Nxd4+ 0-1

[Event "OHS 2019"]
[Site "?"]
[Date "2019.03.11"]
[Round "6.16"]
[White "Buchhop, Rainer"]
[Black "Steinke, Hans-Jörg"]
[Result "1/2-1/2"]
[WhiteElo "1491"]
[BlackElo "1784"]
[PlyCount "81"]
[EventDate "2019.??.??"]
[WhiteTeam "SV Unser Fritz Wanne-E"]
[BlackTeam "SV Datteln 1924"]

1. Nf3 Nf6 2. c4 e6 3. g3 d5 4. Bg2 Be7 5. O-O O-O 6. b3 c5 7. e3 Nc6 8. Bb2
Qc7 9. d4 cxd4 10. cxd5 Nxd5 11. Nxd4 Nxd4 12. exd4 Rd8 13. Nd2 Bd7 14. Rc1 Bc6
15. Nf3 Qa5 16. a4 Bf6 17. Qe2 Rac8 18. Ne5 Be8 19. h4 Be7 20. Bh3 Nc7 21. Qg4
Qd5 22. Rc4 b5 23. Bg2 Qd6 24. Rc6 Bxc6 25. Nxc6 bxa4 26. d5 Bf8 27. Nxd8 Rxd8
28. dxe6 Qxe6 29. Qxa4 Bc5 30. Ba1 Qe2 31. Qc4 Qxc4 32. bxc4 Ne6 33. Bd5 Nc7
34. Bg2 Bd4 35. Bxd4 Rxd4 36. Rb1 Kf8 37. Rb7 Rxc4 38. Rxa7 Rc1+ 39. Kh2 Ne6
40. Ra8+ Ke7 41. Ra7+ 1/2-1/2

[Event "OHS 2019"]
[Site "?"]
[Date "2019.03.11"]
[Round "6.17"]
[White "Illner, Jan"]
[Black "Demond, Ricardo"]
[Result "1/2-1/2"]
[WhiteElo "1608"]
[BlackElo "1686"]
[PlyCount "47"]
[EventDate "2019.??.??"]
[WhiteTeam "SG Bochum 1931"]
[BlackTeam "SC Buer-Hassel 1919 e.V."]

1. d4 d5 2. Nf3 Nf6 3. e3 g6 4. c4 c6 5. b3 Bg7 6. Bb2 Bg4 7. Nbd2 Nbd7 8. Be2
O-O 9. h3 Bxf3 10. Bxf3 Re8 11. O-O e5 12. dxe5 Nxe5 13. cxd5 Nxf3+ 14. Nxf3
Nxd5 15. Bxg7 Kxg7 16. Qd4+ Qf6 17. Rfd1 Red8 18. Qxf6+ Kxf6 19. Rd4 Nc3 20.
Rc4 Nd5 21. Rac1 Rd7 22. Nd4 Rc8 23. b4 a6 24. Kf1 1/2-1/2